Management and Motivation

Salvato in:
Dettagli Bibliografici
Altri autori: Vroom, Victor H., Deci, Edward L.
Natura: Libro
Lingua:inglese
Pubblicazione: London Penguin Books 1970
Edizione:1. ed.
Tags: Aggiungi Tag
Nessun Tag, puoi essere il primo ad aggiungerne!!

MARC

LEADER 00000nam a2200000 4500
001 c025136
005 20221220102132.9
041 0 |a eng 
044 |a GB 
245 1 0 |a Management and Motivation  |c Edit. Victor H. Vroom, Edward L. Deci 
250 |a 1. ed. 
264 1 |a London  |b Penguin Books  |c 1970 
300 |a 399 s. 
700 1 |a Vroom, Victor H. 
700 1 |a Deci, Edward L.